000
00300pam a2200121a 44500
008
230405s2022 xxu||||| |||| 00| 0 eng d
041
_a
ENG
100
_a
MS. MEGHA TIWARI
245
_a
PHARMACOLOGY ( MS. MEGHA TIWARI )
260
_a
PUNE
_b
NIRALI PRAKASHAN
_c
2022
300
_a
13.3
906
_a
3073
999
_c
268512
_d
268512